Normal view
MARC view
Entry Topical Term
001 - CONTROL NUMBER
- control field: 9797
003 - CONTROL NUMBER IDENTIFIER
- control field: OSt
005 - DATE AND TIME OF LATEST TRANSACTION
- control field: 20160630144055.0
008 - FIXED-LENGTH DATA ELEMENTS
- fixed length control field: 160630|| aca||aabn | a|a d
040 ## - CATALOGING SOURCE
- Original cataloging agency: OSt
- Transcribing agency: OSt
150 ## - HEADING--TOPICAL TERM
- Topical term or geographic name entry element: Millennium development goals
670 ## - SOURCE DATA FOUND
- Source citation: Work cat.: (OSt): Edited by Richard Black; Howard, White 9796, Targeting Development: critical perspectives on the millennium development goals
